00531nam a2200133Ia 4500008004100000041000800041100002600049245012500075260003100200300000800231700003800239999001900277952010100296250110s9999 xx 000 0 und d aeng aPanse Vrinda.9183770 aDeriving Methodology For Sustainable Development Of Plots In Transit Rriented Development Along Metro Corridor Case Pune bBNCA M Arch EA, Punec2019 a80p aGuide Name:Navle Rahul63p9210844 c364363d364363 00104070aBNCAbBNCAd2019-06-04l0pBNCA-PR-1863r2025-01-10 00:00:00w2025-01-10yPRzPR1863